| 000 | 00720nam a22002177a 4500 | ||
|---|---|---|---|
| 005 | 20251108170938.0 | ||
| 008 | 250721s1999 xx 000 0 ara d | ||
| 082 | 1 | 4 | _aط/370.78/ظاه |
| 100 | 1 | _aالظاهر، زكريا محمد | |
| 245 | 1 | 0 | _aمبادئ القياس و التقويم في التربية / |
| 264 | 1 |
_aعمان : _bمكتبة دار الثقافة للنشر و التوزيع، _c1999. |
|
| 300 | _a208ص | ||
| 650 | 1 | 7 | _aالتربية |
| 650 | 1 | 7 | _aالبحث |
| 650 | 1 | 7 | _aالتخطيط التربوي |
| 650 | 1 | 7 | _aالتقويم التربوي |
| 700 | 1 | _aتمرجيان، جاكلين | |
| 700 | 1 | _aعبد الهادي، جودت عزت | |
| 942 |
_2ddc _cBK |
||
| 999 |
_c52761 _d52761 |
||